000
00302nam a2200097Ia 4500
008
230915s9999 xx 000 0 und d
050
_a
JZ 1253.2 .G46 2009
100
_a
SHEPHERD, LAURA J.
245
0
_a
GENDER MATTERS IN GLOBAL POLITICS: A FEMINIST INTRODUCTION TO INTERNATIONAL RELATIONS
942
_c
BK
999
_c
161218
_d
161218